| 000 | 00530nam a22001697a 4500 | ||
|---|---|---|---|
| 005 | 20231109093200.0 | ||
| 008 | 231109b |||||||| |||| 00| 0 eng d | ||
| 020 | _a0702150592 | ||
| 041 | _aEnglish | ||
| 082 | _a346.2 FIN | ||
| 100 |
_aFinsen, E _lEnglish |
||
| 245 |
_aThe Building Contract : _bA commentary on the JBCC Agreements / _cE Finsen |
||
| 260 |
_aCape Town : _bJuta and Company Ltd, _c1999 |
||
| 300 |
_b375 pages ; _c25,5 cm. |
||
| 650 |
_aLegal practice _bLaw |
||
| 942 |
_cBK _6ALISON_BN_VRIES |
||
| 999 |
_c468 _d468 |
||